<?xml version="1.0" encoding="UTF-8"?>
<record
    xmlns:xsi="http://www.w3.org/2001/XMLSchema-instance"
    xsi:schemaLocation="http://www.loc.gov/MARC21/slim http://www.loc.gov/standards/marcxml/schema/MARC21slim.xsd"
    xmlns="http://www.loc.gov/MARC21/slim">

  <leader>03242njm a2200193 a 4500</leader>
  <controlfield tag="001">ASINB004ZQRFGM</controlfield>
  <controlfield tag="005">20200421093826.0</controlfield>
  <controlfield tag="008">130724s2011    xxu                 eng d</controlfield>
  <datafield tag="020" ind1=" " ind2=" ">
    <subfield code="c">$18.89</subfield>
  </datafield>
  <datafield tag="024" ind1="1" ind2=" ">
    <subfield code="a">850021001636</subfield>
  </datafield>
  <datafield tag="100" ind1="1" ind2=" ">
    <subfield code="a">Popovic, Ana.</subfield>
  </datafield>
  <datafield tag="245" ind1="1" ind2="0">
    <subfield code="a">Unconditional</subfield>
    <subfield code="h">[sound recording] /</subfield>
    <subfield code="c">Ana Popovic.</subfield>
  </datafield>
  <datafield tag="260" ind1=" " ind2=" ">
    <subfield code="a">[S.l.] :</subfield>
    <subfield code="b">Eclecto Groove Records,</subfield>
    <subfield code="c">2011.</subfield>
  </datafield>
  <datafield tag="300" ind1=" " ind2=" ">
    <subfield code="a">1 sound disc :</subfield>
    <subfield code="b">digital ;</subfield>
    <subfield code="c">4 3/4 in.</subfield>
  </datafield>
  <datafield tag="505" ind1="0" ind2=" ">
    <subfield code="t">Fearless blues --</subfield>
    <subfield code="t">Count me in --</subfield>
    <subfield code="t">Unconditional --</subfield>
    <subfield code="t">Reset rewind --</subfield>
    <subfield code="t">Slideshow --</subfield>
    <subfield code="t">Business as usual --</subfield>
    <subfield code="t">Your love ain't real --</subfield>
    <subfield code="t">Work song --</subfield>
    <subfield code="t">Summer rain --</subfield>
    <subfield code="t">Voodoo woman --</subfield>
    <subfield code="t">One room country shack --</subfield>
    <subfield code="t">Soulful dress.</subfield>
  </datafield>
  <datafield tag="520" ind1=" " ind2=" ">
    <subfield code="a">Ana Popovic is widely regarded as one of world's very best female guitar-players. Her new album, Unconditional , was recorded at the famous Piety Street recording studios in New Orleans and is Ana's sixth studio release. It was produced by Ana Popovic and Grammy Award winning producer John Porter. ''I recorded in eclectic cities like Memphis and Los Angeles, but always wanted to go to New Orleans to capture something of their rich musical history,'' says Popovic (who was born in Belgrade, Serbia). ''I loved being in New Orleans for a period of three months. I love everything about that city - its vibe, spirit and optimism, and not to forget, hospitality and kindness of the people. I think it influenced the album in more ways than just musically.'' Popovic was recently honored to appear as a special guest at B.B. King's German shows. Her previous studio release, Still Making History made its way to #3 on the U.S. Billboard blues chart for a total of 19 weeks. On 2011's Unconditional , Ana truly is a guitar goddess - illustrating a daring side on a powerful guitar record that presents a soulful fusion of contemporary and classic blues. The album features a representation of New Orleans' finest musicians such as renowned slide guitarist Sonny Landreth, the amazing Jon Cleary and David Torkanowski on Hammond B3 and piano, Calvin Turner on bass and Doug Belote on drums. ''I was fortunate to have the fabulous Sonny Landreth - my slide idol since my Belgrade years - to play on the album, a dream come true,'' says Popovic. Also the incredible harp player Jason Ricci makes a guest appearance. Of the album's twelve songs, eight are originals by Popovic, from which two are co-written by writing partner Mark van Meurs. Also on the album are songs gleaned from the rich blues history done by some of Ana's favorites, including Koko Taylor, Buddy Guy, Otis Spann, Nina Simone and Sugar Pie DeSanto. ''The title Unconditional ,'' Ana explains, ''describes what I feel on stage. That place is simply unconditional. It is magical. It's just me and my guitar, notes, sounds and drum grooves. I let the band lift me up, and I feed off of their energy. I hate to think when playing. I only feel. Unconditional is how I stand towards my music - it's mine, it's sacred, and it's with no boundaries - absolute, definite. I tend to put everything I have into it and don't let anything or anyone get in between, except the people that truly inspire me.''</subfield>
  </datafield>
  <datafield tag="856" ind1="4" ind2="0">
    <subfield code="3">Amazon.com</subfield>
    <subfield code="u">http://www.amazon.com/exec/obidos/ASIN/B004ZQRFGM/chopaconline-20</subfield>
  </datafield>
  <datafield tag="999" ind1=" " ind2=" ">
    <subfield code="c">310</subfield>
    <subfield code="d">310</subfield>
  </datafield>
  <datafield tag="942" ind1=" " ind2=" ">
    <subfield code="c">MX</subfield>
  </datafield>
  <datafield tag="952" ind1=" " ind2=" ">
    <subfield code="0">0</subfield>
    <subfield code="1">0</subfield>
    <subfield code="4">0</subfield>
    <subfield code="7">0</subfield>
    <subfield code="8">REF</subfield>
    <subfield code="a">MPL</subfield>
    <subfield code="b">MPL</subfield>
    <subfield code="c">AV</subfield>
    <subfield code="d">2014-09-04</subfield>
    <subfield code="p">39999000013634</subfield>
    <subfield code="r">2014-09-04 00:00:00</subfield>
    <subfield code="w">2014-09-04</subfield>
    <subfield code="y">MU</subfield>
  </datafield>
</record>
